000 00654nam a2200217Ia 4500
003 OSt
005 20250915163128.0
008 210719s1974 xx 000 0 und d
040 _cAL
041 _aTulu
082 _aT894.2 TAIY
100 _aK. N. Tailor
_dಕೆ.ಎನ್. ಟೇಲರ್
_9238698
245 _aYer maltina tappu?
_b ಏರ್ ಮಲ್ತಿನ ತಪ್ಪು?
260 _aMangaluru
_c1974
300 _a44
_bPB
365 _b1.5
_cRs
650 _aTulu Drama
_9238699
650 _aTulu Drama
_9238699
906 _aChalana ; chitravagiruva ; janapriya ; maltina ; nataka ; tappu ; tappu? ; tulu ; Yer
942 _2ddc
_cBK
999 _c214701
_d214701